[Event "Budapest FS08 GM"]
[Site "Budapest"]
[Date "2014.08.11"]
[Round "10"]
[White "Molner, Mackenzie"]
[Black "Tesik, Csaba"]
[Result "1-0"]
[WhiteElo "2509"]
[BlackElo "2327"]
[PlyCount "85"]
[EventDate "2014.08.02"]
[EventType "tourn"]
[EventRounds "10"]
[EventCountry "HUN"]
[EventCategory "7"]
[SourceTitle "CBM 161 Extra"]
[Source "ChessBase"]
[SourceDate "2014.08.29"]

1. d4 Nf6 2. c4 g6 3. Nc3 Bg7 4. e4 d6 5. f3 O-O 6. Be3 c5 7. Nge2 cxd4 8. Nxd4
Nc6 9. Be2 Nxd4 10. Bxd4 Nd7 11. Bxg7 Kxg7 12. Qd4+ Nf6 13. Rd1 Be6 14. O-O Qb6
15. Qxb6 axb6 16. a4 Rac8 17. b3 Nd7 18. Rd2 Nc5 19. Bd1 Rfd8 20. Re1 f6 21.
Re3 Kf8 22. f4 Kf7 23. Kf2 Kf8 24. g4 Bf7 25. h4 Be6 26. g5 f5 27. Kg3 fxe4 28.
Nxe4 Bf5 29. Nf2 e6 30. Bf3 Kf7 31. Ng4 Rc7 32. Nh6+ Kf8 33. Nxf5 exf5 34. Rde2
Rcd7 35. Bd5 Ne4+ 36. Bxe4 fxe4 37. Rxe4 d5 38. cxd5 Rxd5 39. Re7 Rd3+ 40. R2e3
Rd1 41. Rxh7 Rg1+ 42. Kf2 Rh1 43. Rh8+ 1-0

[Event "USA tt"]
[Site "ICC INT"]
[Date "2014.09.02"]
[Round "2"]
[White "Molner, Mackenzie"]
[Black "Sadorra, Julio Catalino"]
[Result "0-1"]
[WhiteElo "2509"]
[BlackElo "2590"]
[PlyCount "158"]
[EventDate "2014.08.26"]
[EventType "team-tourn"]
[EventRounds "10"]
[EventCountry "USA"]
[SourceTitle "CBM 162 Extra"]
[Source "ChessBase"]
[SourceDate "2014.10.17"]
[WhiteTeam "Arizona"]
[BlackTeam "Dallas"]
[WhiteTeamCountry "USA"]
[BlackTeamCountry "USA"]

1. d4 Nf6 2. c4 e6 3. Nf3 d5 4. Nc3 Bb4 5. Bg5 h6 6. Bxf6 Qxf6 7. Qa4+ Nc6 8.
e3 O-O 9. Bd3 Bd7 10. Qb3 dxc4 11. Qxc4 Bd6 12. Ne4 Qe7 13. O-O e5 14. Rfe1
Rfd8 15. a3 exd4 16. exd4 Be6 17. Qc3 Qf8 18. Rad1 Ne7 19. Bc2 Nd5 20. Qd3 g6
21. Ne5 Qg7 22. Qg3 Ne7 23. Nc5 Bd5 24. f4 b6 25. Ne4 Nf5 26. Qf2 Bb7 27. Bb3
Rf8 28. Nd7 Rfd8 29. Ne5 Rf8 30. g4 Ne7 31. g5 Bxe4 32. Rxe4 Rad8 33. Ng4 Nf5
34. gxh6 Nxh6 35. Nxh6+ Qxh6 36. f5 Qh3 37. Bc2 Qxf5 38. Qxf5 gxf5 39. Re2 Kg7
40. Bxf5 Bc5 41. Red2 Rxd4 42. Rxd4 Rd8 43. Kg2 Bxd4 44. Kf3 c5 45. Rd2 Kf6 46.
Be4 Rh8 47. Kg4 Rg8+ 48. Kf3 Ke6 49. Bd3 Rh8 50. Bc4+ Ke5 51. Re2+ Kf6 52. Ke4
Re8+ 53. Kf3 Rxe2 54. Kxe2 Bxb2 55. a4 Kg6 56. Bd5 f6 57. Kd3 Kg5 58. Ke4 f5+
59. Kd3 Kf4 60. Bb7 Ke5 61. Bc8 Bc1 62. Bb7 Bg5 63. Bc8 Bh4 64. Bb7 Bg5 65. Bc8
Bf4 66. h3 Bg3 67. Bb7 Kf4 68. Bc8 a6 69. Bxa6 Kf3 70. Kc4 Be1 71. Kb5 Ke3 72.
Kxb6 Kd4 73. Bc8 f4 74. a5 Bxa5+ 75. Kxa5 c4 76. Kb4 c3 77. Kb3 Kd3 78. Bf5+
Kd2 79. h4 f3 0-1

[Event "USA tt"]
[Site "ICC INT"]
[Date "2014.09.09"]
[Round "3"]
[White "Molner, Mackenzie"]
[Black "Perelshteyn, Eugene"]
[Result "1-0"]
[WhiteElo "2509"]
[BlackElo "2517"]
[PlyCount "89"]
[EventDate "2014.08.26"]
[EventType "team-tourn"]
[EventRounds "10"]
[EventCountry "USA"]
[SourceTitle "CBM 162 Extra"]
[Source "ChessBase"]
[SourceDate "2014.10.17"]
[WhiteTeam "Arizona"]
[BlackTeam "Boston"]
[WhiteTeamCountry "USA"]
[BlackTeamCountry "USA"]

1. e4 c5 2. Nf3 g6 3. d4 cxd4 4. Nxd4 Nc6 5. c4 Bg7 6. Be3 Nf6 7. Nc3 d6 8. Be2
O-O 9. O-O Bd7 10. Nc2 Rc8 11. Rc1 Qa5 12. f4 Be6 13. Qd2 Nb8 14. b3 b5 15. Nd4
b4 16. Nd5 Bxd5 17. exd5 Ne4 18. Qd3 Nc5 19. Qc2 e5 20. dxe6 fxe6 21. Bg4 Rfe8
22. Nb5 Rcd8 23. Rcd1 Bf8 24. h4 a6 25. Nd4 Qc7 26. h5 Qg7 27. hxg6 hxg6 28.
Nf3 Nc6 29. Nh4 Ne7 30. Bxc5 dxc5 31. Bxe6+ Kh8 32. Bd7 Qf6 33. Bxe8 Rxe8 34.
g3 g5 35. fxg5 Qxg5 36. Kg2 Bg7 37. Rf7 Kg8 38. Rdf1 Rd8 39. Nf3 Qg6 40. Qxg6
Nxg6 41. Rf5 Bf8 42. Rg5 Kh7 43. Rh1+ Kg7 44. Nh4 Rd2+ 45. Kh3 1-0

[Event "USA tt"]
[Site "ICC INT"]
[Date "2014.09.23"]
[Round "5"]
[White "Molner, Mackenzie"]
[Black "So, Wesley"]
[Result "0-1"]
[WhiteElo "2509"]
[BlackElo "2755"]
[PlyCount "38"]
[EventDate "2014.08.26"]
[EventType "team-tourn"]
[EventRounds "10"]
[EventCountry "USA"]
[SourceTitle "CBM 162 Extra"]
[Source "ChessBase"]
[SourceDate "2014.10.17"]
[WhiteTeam "Arizona"]
[BlackTeam "St Louis"]
[WhiteTeamCountry "USA"]
[BlackTeamCountry "USA"]

1. e4 c5 2. Nf3 d6 3. d4 cxd4 4. Nxd4 Nf6 5. Nc3 a6 6. Be3 Nbd7 7. g4 h6 8. Bg2
Ne5 9. h3 g5 10. Qe2 Bd7 11. O-O-O Rc8 12. Nd5 e6 13. f4 gxf4 14. Nxf4 Nc4 15.
Nd3 e5 16. Nf5 Qa5 17. Kb1 Be6 18. Nc1 Qb5 19. c3 Bxf5 0-1

[Event "USA tt"]
[Site "ICC INT"]
[Date "2014.09.30"]
[Round "6"]
[White "Kraai, Jesse"]
[Black "Molner, Mackenzie"]
[Result "1/2-1/2"]
[WhiteElo "2527"]
[BlackElo "2509"]
[PlyCount "51"]
[EventDate "2014.08.26"]
[EventType "team-tourn"]
[EventRounds "10"]
[EventCountry "USA"]
[SourceTitle "CBM 162 Extra"]
[Source "ChessBase"]
[SourceDate "2014.10.17"]
[WhiteTeam "San Francisco"]
[BlackTeam "Arizona"]
[WhiteTeamCountry "USA"]
[BlackTeamCountry "USA"]

1. Nf3 d5 2. c4 d4 3. g3 c5 4. Bg2 Nc6 5. O-O e5 6. d3 Nf6 7. e3 Be7 8. exd4
exd4 9. Bf4 O-O 10. Ne5 Nxe5 11. Bxe5 Bd6 12. Bxf6 Qxf6 13. Nd2 Qd8 14. Re1 Qc7
15. Qh5 Bd7 16. Ne4 Be7 17. Re2 Rae8 18. Rae1 b6 19. f4 g6 20. Qh6 Qd8 21. Bf3
Bf6 22. g4 Bg7 23. Qh3 Qc7 24. Qg3 Bc6 25. g5 Bxe4 26. Bxe4 1/2-1/2

[Event "USA tt"]
[Site "ICC INT"]
[Date "2014.10.07"]
[Round "7"]
[White "Ringoir, Tanguy"]
[Black "Molner, Mackenzie"]
[Result "1/2-1/2"]
[WhiteElo "2508"]
[BlackElo "2509"]
[PlyCount "91"]
[EventDate "2014.08.26"]
[EventType "team-tourn"]
[EventRounds "10"]
[EventCountry "USA"]
[SourceTitle "CBM 162 Extra"]
[Source "ChessBase"]
[SourceDate "2014.10.17"]
[WhiteTeam "Baltimore"]
[BlackTeam "Arizona"]
[WhiteTeamCountry "USA"]
[BlackTeamCountry "USA"]

1. d4 Nf6 2. c4 g6 3. Nc3 d5 4. e3 Bg7 5. Qb3 e6 6. Qa3 c6 7. Nf3 a5 8. b3 Na6
9. Be2 Ne4 10. Qb2 O-O 11. O-O b6 12. a3 Bb7 13. Qc2 Nxc3 14. Qxc3 c5 15. Bb2
cxd4 16. exd4 a4 17. Ne5 axb3 18. Qxb3 dxc4 19. Bxc4 Nc7 20. a4 Qg5 21. Qg3
Qxg3 22. hxg3 Rfd8 23. Rfc1 Nd5 24. Bb5 Rac8 25. Rxc8 Rxc8 26. Rc1 Rxc1+ 27.
Bxc1 Nc3 28. Bb2 Nxb5 29. axb5 Bd5 30. Nd7 Bc4 31. Nxb6 Bxb5 32. Nc8 Bf8 33. d5
exd5 34. Bf6 h5 35. Ne7+ Bxe7 36. Bxe7 Kg7 37. Bc5 Kf6 38. Bd4+ Ke6 39. f3 Bd7
40. Kf2 Kd6 41. Ke3 Kc6 42. Kd2 Kb5 43. Kc3 Ka4 44. Bf6 Ka3 45. Kd4 Be6 46. g4
1/2-1/2

[Event "USA tt"]
[Site "ICC INT"]
[Date "2014.10.15"]
[Round "8"]
[White "Molner, Mackenzie"]
[Black "Matikozian, Andranik"]
[Result "1-0"]
[WhiteElo "2509"]
[BlackElo "2447"]
[PlyCount "65"]
[EventDate "2014.08.26"]
[EventType "team-tourn"]
[EventRounds "10"]
[EventCountry "USA"]
[SourceTitle "EXT 2015"]
[Source "ChessBase"]
[SourceDate "2014.11.20"]
[WhiteTeam "Arizona"]
[BlackTeam "Los Angeles"]
[WhiteTeamCountry "USA"]
[BlackTeamCountry "USA"]

1. d4 Nf6 2. c4 g6 3. Nc3 Bg7 4. e4 d6 5. Nf3 O-O 6. Be2 e5 7. O-O Na6 8. Be3
Ng4 9. Bg5 Qe8 10. dxe5 dxe5 11. Qc1 f6 12. Bd2 f5 13. h3 Nf6 14. exf5 gxf5 15.
Bh6 e4 16. Nh4 Bxh6 17. Qxh6 Qe5 18. Rad1 c6 19. f3 Be6 20. fxe4 Nxe4 21. Nxe4
fxe4 22. Bg4 Bxc4 23. Rf5 Rxf5 24. Bxf5 Qg7 25. Be6+ Bxe6 26. Qxe6+ Qf7 27.
Qxe4 Rf8 28. Rd3 Qf1+ 29. Kh2 Qf4+ 30. Rg3+ Kh8 31. Ng6+ hxg6 32. Qxg6 Qxg3+
33. Qxg3 1-0

[Event "USA tt"]
[Site "ICC INT"]
[Date "2014.10.21"]
[Round "9"]
[White "Hungaski, Robert Andrew"]
[Black "Molner, Mackenzie"]
[Result "1/2-1/2"]
[WhiteElo "2457"]
[BlackElo "2509"]
[PlyCount "110"]
[EventDate "2014.08.26"]
[EventType "team-tourn"]
[EventRounds "10"]
[EventCountry "USA"]
[SourceTitle "EXT 2015"]
[Source "ChessBase"]
[SourceDate "2014.11.20"]
[WhiteTeam "Manhattan"]
[BlackTeam "Arizona"]
[WhiteTeamCountry "USA"]
[BlackTeamCountry "USA"]

1. d4 Nf6 2. Bg5 d5 3. Bxf6 exf6 4. e3 Be6 5. Bd3 Nd7 6. Nd2 Bd6 7. Qf3 Nb6 8.
Ne2 Qd7 9. h3 O-O 10. Nf4 c5 11. dxc5 Bxc5 12. O-O Rac8 13. Rfd1 Rfd8 14. Nb3
Bd6 15. Nd4 Be5 16. c3 a6 17. Nh5 Qe7 18. Nf5 Bxf5 19. Bxf5 Rc6 20. Bc2 Nc4 21.
Rab1 Rcd6 22. Nf4 Bxf4 23. Qxf4 Qe5 24. Qf3 b5 25. Rd4 g6 26. Bb3 Kg7 27. Qe2
f5 28. Rbd1 h5 29. a4 Rb8 30. axb5 axb5 31. Ra1 Rdd8 32. Rad1 Rd6 33. Ba2 Rc8
34. h4 Rb8 35. b3 Na3 36. c4 bxc4 37. bxc4 Rdb6 38. Rxd5 Rb2 39. Qd3 Qe7 40.
Qc3+ Kg8 41. Rd7 Qf8 42. R7d2 Rxd2 43. Qxd2 Qc5 44. Qc3 Rc8 45. Qd4 Qxd4 46.
Rxd4 Nc2 47. Rd7 Nb4 48. Bb3 Na6 49. Ra7 Nc5 50. Bd1 Nd3 51. Bb3 Rb8 52. Bc2
Ne5 53. Ra1 Nxc4 54. Rc1 Ne5 55. Rb1 Rxb1+ 1/2-1/2

[Event "North American op 24th"]
[Site "Las Vegas"]
[Date "2014.12.27"]
[Round "3"]
[White "Molner, Mackenzie"]
[Black "Rodriguez Arrieta, Maria Elena"]
[Result "1-0"]
[WhiteElo "2522"]
[BlackElo "1903"]
[PlyCount "67"]
[EventDate "2014.12.26"]
[EventType "swiss"]
[EventRounds "9"]
[EventCountry "USA"]
[SourceTitle "CBM 164 Extra"]
[Source "ChessBase"]
[SourceDate "2015.03.02"]

1. e4 c5 2. Nf3 d6 3. d4 cxd4 4. Nxd4 Nf6 5. Nc3 g6 6. Be3 Bg7 7. f3 O-O 8. Qd2
Nc6 9. O-O-O Bd7 10. g4 Qa5 11. Kb1 Nxd4 12. Bxd4 Ne8 13. Nd5 Qd8 14. h4 e6 15.
Bxg7 Kxg7 16. Ne3 h6 17. g5 h5 18. f4 b5 19. f5 Qc7 20. Bg2 Rc8 21. Qd4+ e5 22.
Qd3 Bc6 23. Rhf1 a6 24. Rf2 f6 25. fxg6 Kxg6 26. Bh3 Bd7 27. Nd5 Qd8 28. Rg1
Bg4 29. Bxg4 hxg4 30. Rxg4 Qd7 31. Rf5 Kh7 32. Qf3 Qc6 33. c3 Ng7 34. gxf6 1-0

[Event "Las Vegas National op"]
[Site "Las Vegas"]
[Date "2015.06.19"]
[Round "1"]
[White "Molner, Mackenzie"]
[Black "Zhao, Art"]
[Result "1-0"]
[WhiteElo "2499"]
[BlackElo "1992"]
[PlyCount "53"]
[EventDate "2015.06.19"]
[EventType "swiss"]
[EventRounds "6"]
[EventCountry "USA"]
[SourceTitle "CBM 167 Extra"]
[Source "ChessBase"]
[SourceDate "2015.09.14"]

1. e4 c5 2. Nf3 d6 3. d4 cxd4 4. Nxd4 Nf6 5. Nc3 Nc6 6. Bg5 e6 7. Qd2 a6 8.
O-O-O Bd7 9. f3 b5 10. h4 Qc7 11. g4 Rc8 12. Bxf6 gxf6 13. g5 fxg5 14. hxg5 Ne5
15. f4 Nc4 16. Bxc4 Qxc4 17. e5 d5 18. Kb1 Bb4 19. Rh3 a5 20. Qh2 Rf8 21. a3
Bxc3 22. Rxc3 Qa4 23. Rxc8+ Bxc8 24. Qxh7 b4 25. g6 fxg6 26. Qxg6+ Ke7 27. Rh1
1-0

[Event "Las Vegas National op"]
[Site "Las Vegas"]
[Date "2015.06.19"]
[Round "2"]
[White "Mousseri, Daniel"]
[Black "Molner, Mackenzie"]
[Result "0-1"]
[WhiteElo "2099"]
[BlackElo "2499"]
[PlyCount "76"]
[EventDate "2015.06.19"]
[EventType "swiss"]
[EventRounds "6"]
[EventCountry "USA"]
[SourceTitle "CBM 167 Extra"]
[Source "ChessBase"]
[SourceDate "2015.09.14"]

1. e4 c5 2. Nf3 d6 3. d4 cxd4 4. Nxd4 Nf6 5. Nc3 a6 6. Bc4 e6 7. O-O Be7 8. Bb3
O-O 9. f4 Nbd7 10. f5 e5 11. Nde2 b5 12. Ng3 Bb7 13. Bg5 Rc8 14. Bxf6 Nxf6 15.
Nd5 Bxd5 16. Bxd5 Nxd5 17. exd5 Rc4 18. Qd3 Qb6+ 19. Kh1 Qd4 20. Qxd4 exd4 21.
Ne4 Rxc2 22. b3 Rfc8 23. Rfd1 Re2 24. Ng3 Rf2 25. Ne4 Re2 26. Ng3 Rb2 27. Rxd4
Rxa2 28. Re1 Bf6 29. Rg4 Ra1 30. Rxa1 Bxa1 31. Kg1 a5 32. Kf2 Be5 33. Ne2 Rc2
34. Ke3 Rb2 35. Nc1 h5 36. Rg5 Bf6 37. Rg3 Rb1 38. Kd2 Bh4 0-1

[Event "Las Vegas National op"]
[Site "Las Vegas"]
[Date "2015.06.20"]
[Round "3"]
[White "Molner, Mackenzie"]
[Black "Dreev, Alexey"]
[Result "0-1"]
[WhiteElo "2499"]
[BlackElo "2628"]
[PlyCount "80"]
[EventDate "2015.06.19"]
[EventType "swiss"]
[EventRounds "6"]
[EventCountry "USA"]
[SourceTitle "CBM 167 Extra"]
[Source "ChessBase"]
[SourceDate "2015.09.14"]

1. d4 d5 2. c4 c6 3. Nf3 Nf6 4. Nc3 e6 5. Bg5 Nbd7 6. e3 Qa5 7. Nd2 Bb4 8. Rc1
O-O 9. Be2 Bxc3 10. Rxc3 Qxa2 11. Qc1 Qa5 12. Ra3 Qd8 13. O-O e5 14. cxd5 cxd5
15. Nb3 Qb6 16. Bxf6 Qxf6 17. Qc7 exd4 18. Nxd4 Ne5 19. Qc5 Nc6 20. Qxd5 Rd8
21. Qe4 Nxd4 22. exd4 g6 23. Rd1 Qb6 24. Rd2 Be6 25. h4 Bd5 26. Qf4 Qd6 27.
Qxd6 Rxd6 28. b4 a6 29. Ra5 b5 30. Rd1 Re8 31. Bf1 Bb3 32. Rd3 Ba4 33. Re3 Rc8
34. h5 Kg7 35. hxg6 hxg6 36. g3 Rcc6 37. Re4 Rc1 38. Kg2 Bb3 39. Rf4 Bd5+ 40.
f3 Rb1 0-1

[Event "Las Vegas National op"]
[Site "Las Vegas"]
[Date "2015.06.20"]
[Round "4"]
[White "Carreto Nieto, Geovanni"]
[Black "Molner, Mackenzie"]
[Result "0-1"]
[WhiteElo "2208"]
[BlackElo "2499"]
[PlyCount "80"]
[EventDate "2015.06.19"]
[EventType "swiss"]
[EventRounds "6"]
[EventCountry "USA"]
[SourceTitle "CBM 167 Extra"]
[Source "ChessBase"]
[SourceDate "2015.09.14"]

1. e4 c5 2. Nf3 d6 3. d4 cxd4 4. Nxd4 Nf6 5. Nc3 a6 6. Bg5 Nbd7 7. f4 Qc7 8.
Qf3 h6 9. Bxf6 Nxf6 10. f5 Qc5 11. O-O-O g5 12. g3 Bg7 13. Qe2 Bd7 14. Qc4 Rc8
15. Qxc5 Rxc5 16. Bg2 Ng4 17. Nb3 Rc8 18. Rhe1 Bxc3 19. bxc3 Rxc3 20. Kb2 Rc7
21. c4 Rxc4 22. Rc1 Rxc1 23. Rxc1 Bc6 24. Na5 Kd7 25. Nc4 Ne5 26. Nb6+ Kc7 27.
Nd5+ Kd8 28. Bf1 Bxd5 29. exd5 Kd7 30. Be2 Rc8 31. Rxc8 Kxc8 32. g4 Kc7 33. Kb3
Kb6 34. Kb4 a5+ 35. Ka4 Nd7 36. h3 Kc5 37. Kxa5 Nb6 38. Bf3 Nc4+ 39. Ka4 b5+
40. Kb3 Nd2+ 0-1

[Event "Las Vegas National op"]
[Site "Las Vegas"]
[Date "2015.06.21"]
[Round "5"]
[White "Molner, Mackenzie"]
[Black "Wheeler, Cameron"]
[Result "1-0"]
[WhiteElo "2499"]
[BlackElo "2299"]
[PlyCount "51"]
[EventDate "2015.06.19"]
[EventType "swiss"]
[EventRounds "6"]
[EventCountry "USA"]
[SourceTitle "CBM 167 Extra"]
[Source "ChessBase"]
[SourceDate "2015.09.14"]

1. e4 e6 2. d4 d5 3. Nd2 Nf6 4. e5 Nfd7 5. Bd3 c5 6. c3 Nc6 7. Ne2 cxd4 8. cxd4
f6 9. exf6 Qxf6 10. Nf3 Bb4+ 11. Bd2 Bxd2+ 12. Qxd2 O-O 13. O-O e5 14. dxe5
Ndxe5 15. Nxe5 Nxe5 16. b3 Bg4 17. Ng3 Kh8 18. Rae1 Rae8 19. Bb1 Bd7 20. Rd1
Bc6 21. Nf5 d4 22. Nxd4 Bxg2 23. Kxg2 Qh4 24. f3 Nxf3 25. Rxf3 Qg4+ 26. Rg3 1-0

[Event "US op 116th"]
[Site "Phoenix"]
[Date "2015.08.02"]
[Round "2"]
[White "High, David L"]
[Black "Molner, Mackenzie"]
[Result "0-1"]
[WhiteElo "1949"]
[BlackElo "2475"]
[PlyCount "72"]
[EventDate "2015.08.01"]
[EventType "swiss"]
[EventRounds "9"]
[EventCountry "USA"]
[SourceTitle "CBM 167 Extra"]
[Source "ChessBase"]
[SourceDate "2015.09.14"]

1. e4 g6 2. d4 Bg7 3. Nc3 d6 4. Be3 a6 5. Qd2 b5 6. Be2 Bb7 7. Bf3 Nd7 8. a3 c5
9. Nh3 cxd4 10. Bxd4 Bxd4 11. Qxd4 Ngf6 12. Nd5 Rc8 13. Rc1 e5 14. Qd2 Nxd5 15.
exd5 O-O 16. O-O Nb6 17. Qh6 f6 18. Bg4 f5 19. Ng5 Qe7 20. Bf3 Bxd5 21. Bxd5+
Nxd5 22. Rfd1 Nf6 23. Rd3 Ng4 24. Qxh7+ Qxh7 25. Nxh7 Kxh7 26. h3 e4 27. Rxd6
Ne5 28. c3 Rfd8 29. Re6 Nc4 30. b3 Nd2 31. Rxa6 Nxb3 32. Rc2 Rd1+ 33. Kh2 Nd4
34. Rb2 Rxc3 35. a4 f4 36. axb5 Rcc1 0-1

[Event "US op 116th"]
[Site "Phoenix"]
[Date "2015.08.04"]
[Round "4"]
[White "Mousseri, Daniel"]
[Black "Molner, Mackenzie"]
[Result "0-1"]
[WhiteElo "2109"]
[BlackElo "2475"]
[PlyCount "56"]
[EventDate "2015.08.01"]
[EventType "swiss"]
[EventRounds "9"]
[EventCountry "USA"]
[SourceTitle "CBM 167 Extra"]
[Source "ChessBase"]
[SourceDate "2015.09.14"]

1. e4 e5 2. Nf3 Nc6 3. Bc4 Bc5 4. b4 Bxb4 5. c3 Be7 6. d4 Na5 7. Bd3 d6 8. dxe5
dxe5 9. Nxe5 Nf6 10. O-O O-O 11. Qc2 Qd6 12. f4 Rd8 13. Ba3 c5 14. Nd2 b5 15.
Rad1 Ng4 16. Bxb5 Ne3 17. Qa4 Nxf1 18. Rxf1 Qxd2 19. Qxa5 Qe3+ 20. Kh1 Bb7 21.
Nc6 Qxe4 22. Qc7 Bxc6 23. Bxc6 Qe2 24. Rg1 Rd1 25. h3 Rxg1+ 26. Kxg1 Qe1+ 27.
Kh2 Bh4 28. f5 Bf6 0-1

[Event "US op 116th"]
[Site "Phoenix"]
[Date "2015.08.05"]
[Round "5"]
[White "Molner, Mackenzie"]
[Black "Dixon, Dakota Ellis"]
[Result "1-0"]
[WhiteElo "2475"]
[BlackElo "2076"]
[PlyCount "85"]
[EventDate "2015.08.01"]
[EventType "swiss"]
[EventRounds "9"]
[EventCountry "USA"]
[SourceTitle "CBM 167 Extra"]
[Source "ChessBase"]
[SourceDate "2015.09.14"]

1. e4 c5 2. Nf3 Nc6 3. d4 cxd4 4. Nxd4 Nf6 5. Nc3 d6 6. Bg5 e6 7. Qd2 a6 8.
O-O-O Bd7 9. f3 Be7 10. h4 h6 11. Be3 h5 12. Bg5 Ne5 13. f4 Neg4 14. g3 Rc8 15.
Bg2 Qb6 16. Rhe1 e5 17. Nf5 Bxf5 18. exf5 O-O 19. Nd5 Nxd5 20. Bxd5 Qc7 21.
Bxe7 Qxe7 22. Bf3 Nf6 23. Qxd6 Qxd6 24. Rxd6 e4 25. Bxe4 Rfe8 26. Rd4 Re7 27.
Kd2 Rce8 28. Kd3 Ng4 29. Re2 Nh6 30. Rg2 Ng4 31. a4 b5 32. a5 Nf6 33. Re2 Nd7
34. b4 Nf6 35. Bf3 Rxe2 36. Bxe2 Rc8 37. Bf3 Rc7 38. Rd8+ Kh7 39. Rd6 Ra7 40.
Kd4 Ne8 41. Rd8 Nf6 42. Kc5 Rc7+ 43. Bc6 1-0

[Event "US op 116th"]
[Site "Phoenix"]
[Date "2015.08.06"]
[Round "6"]
[White "Diamant, Andre"]
[Black "Molner, Mackenzie"]
[Result "1/2-1/2"]
[WhiteElo "2483"]
[BlackElo "2475"]
[PlyCount "41"]
[EventDate "2015.08.01"]
[EventType "swiss"]
[EventRounds "9"]
[EventCountry "USA"]
[SourceTitle "CBM 167 Extra"]
[Source "ChessBase"]
[SourceDate "2015.09.14"]

1. c4 e5 2. Nc3 Nf6 3. Nf3 Nc6 4. e3 Bb4 5. Qc2 Bxc3 6. bxc3 O-O 7. e4 d6 8.
Be2 Nh5 9. d4 exd4 10. Nxd4 Nf6 11. O-O Re8 12. f3 Nd7 13. Be3 Na5 14. Nb3 Nc6
15. c5 Nxc5 16. Nxc5 dxc5 17. Bxc5 Qg5 18. Bf2 Bh3 19. Bg3 Qc5+ 20. Bf2 Qg5 21.
Bg3 1/2-1/2

[Event "US op 116th"]
[Site "Phoenix"]
[Date "2015.08.06"]
[Round "6"]
[White "Molner, Mackenzie"]
[Black "Stukopin, Andrey"]
[Result "1/2-1/2"]
[WhiteElo "2475"]
[BlackElo "2587"]
[PlyCount "96"]
[EventDate "2015.08.01"]
[EventType "swiss"]
[EventRounds "9"]
[EventCountry "USA"]
[SourceTitle "CBM 167 Extra"]
[Source "ChessBase"]
[SourceDate "2015.09.14"]

1. d4 Nf6 2. c4 e6 3. Nf3 d5 4. Nc3 c6 5. Bg5 dxc4 6. e4 b5 7. e5 h6 8. Bh4 g5
9. Nxg5 hxg5 10. Bxg5 Nbd7 11. g3 Bb7 12. Bg2 Qb6 13. exf6 O-O-O 14. O-O c5 15.
d5 b4 16. Na4 Qa6 17. a3 b3 18. Nc3 Nb6 19. Qg4 Nxd5 20. Nxd5 Bxd5 21. Bxd5
Rxd5 22. Rfd1 Rxd1+ 23. Rxd1 c3 24. bxc3 Bd6 25. c4 Kc7 26. Bf4 Rd8 27. Qh5
Bxf4 28. Qxf7+ Kc8 29. Rxd8+ Kxd8 30. gxf4 b2 31. Qg8+ Kd7 32. Qh7+ Kd8 33.
Qh8+ Kd7 34. Qh7+ Kd8 35. Qe7+ Kc8 36. Qxc5+ Kb7 37. Qe7+ Kc8 38. Qe8+ Kc7 39.
Qf7+ Kb8 40. Qe8+ Kc7 41. Qf7+ Kb8 42. Qg8+ Qc8 43. Qg6 Qxc4 44. f7 Qxf4 45.
Kg2 Kb7 46. h4 e5 47. f3 Qd2+ 48. Kh3 Qf4 1/2-1/2

[Event "US op 116th"]
[Site "Phoenix"]
[Date "2015.08.07"]
[Round "7"]
[White "Molner, Mackenzie"]
[Black "Nguyen, Emily"]
[Result "1-0"]
[WhiteElo "2475"]
[BlackElo "1946"]
[PlyCount "67"]
[EventDate "2015.08.01"]
[EventType "swiss"]
[EventRounds "9"]
[EventCountry "USA"]
[SourceTitle "CBM 167 Extra"]
[Source "ChessBase"]
[SourceDate "2015.09.14"]

1. e4 c5 2. Nf3 e6 3. d4 cxd4 4. Nxd4 Nf6 5. Nc3 d6 6. g4 h6 7. h4 Nc6 8. Rg1
d5 9. exd5 Nxd5 10. Nxd5 exd5 11. Be3 Be7 12. g5 hxg5 13. hxg5 Qa5+ 14. c3 Bd7
15. Bb5 O-O-O 16. Bxc6 Bxc6 17. Nf5 Rhe8 18. Qg4 Bd7 19. Qf4 Bxf5 20. Qxf5+ Kb8
21. O-O-O Qxa2 22. Rg4 Rc8 23. Rxd5 Ba3 24. bxa3 Rxc3+ 25. Kd1 Rb3 26. Rd2 Qxa3
27. Rgd4 Qa1+ 28. Ke2 Qa6+ 29. Kf3 Qc6+ 30. Qd5 Qxd5+ 31. Rxd5 Re7 32. Rd7 Rxd7
33. Rxd7 f6 34. g6 1-0

[Event "US op 116th"]
[Site "Phoenix"]
[Date "2015.08.08"]
[Round "8"]
[White "Lenderman, Aleksandr"]
[Black "Molner, Mackenzie"]
[Result "0-1"]
[WhiteElo "2634"]
[BlackElo "2475"]
[PlyCount "104"]
[EventDate "2015.08.01"]
[EventType "swiss"]
[EventRounds "9"]
[EventCountry "USA"]
[SourceTitle "CBM 167 Extra"]
[Source "ChessBase"]
[SourceDate "2015.09.14"]

1. e4 c5 2. Be2 Nf6 3. e5 Nd5 4. d4 cxd4 5. Qxd4 e6 6. Nf3 Nc6 7. Qe4 f5 8.
exf6 Nxf6 9. Qa4 Bc5 10. O-O O-O 11. a3 d6 12. b4 Nd4 13. Nxd4 Bxd4 14. c3 Bb6
15. Nd2 e5 16. Qb3+ Kh8 17. c4 Bg4 18. Bxg4 Nxg4 19. Ne4 Bd4 20. Ra2 Rc8 21.
Rc2 d5 22. Bg5 Qc7 23. Qh3 Nxh2 24. Re1 dxe4 25. Kxh2 Bxf2 26. Rxe4 Qc6 27.
Rce2 Rce8 28. b5 Qg6 29. Bd2 Rf5 30. g4 Bc5 31. Qg2 Rf2 32. Rxf2 Bxf2 33. a4
Bd4 34. Qf3 Kg8 35. Bb4 Qf7 36. Qxf7+ Kxf7 37. Re2 Rc8 38. Rc2 Ke6 39. Kg3 Rc7
40. Be1 Rf7 41. Re2 Rc7 42. Rc2 a6 43. Bb4 axb5 44. axb5 b6 45. Rc1 Be3 46. Rc2
e4 47. Kg2 Ke5 48. Bc3+ Kf4 49. Be1 Rd7 50. g5 Bc5 51. g6 hxg6 52. Kf1 g5 0-1

[Event "US op 116th"]
[Site "Phoenix"]
[Date "2015.08.09"]
[Round "9"]
[White "Molner, Mackenzie"]
[Black "Holt, Conrad"]
[Result "1/2-1/2"]
[WhiteElo "2475"]
[BlackElo "2529"]
[PlyCount "88"]
[EventDate "2015.08.01"]
[EventType "swiss"]
[EventRounds "9"]
[EventCountry "USA"]
[SourceTitle "CBM 167 Extra"]
[Source "ChessBase"]
[SourceDate "2015.09.14"]

1. e4 e6 2. d4 d5 3. Nd2 c5 4. exd5 Qxd5 5. Ngf3 cxd4 6. Bc4 Qd6 7. O-O Nf6 8.
Nb3 Nc6 9. Nbxd4 Nxd4 10. Nxd4 a6 11. Re1 Qc7 12. Bd3 Bd6 13. g3 O-O 14. Bg5
Nd7 15. Qh5 g6 16. Qh4 b6 17. Be4 Bb7 18. Bxb7 Qxb7 19. Rad1 Be5 20. Qe4 Qxe4
21. Rxe4 Bf6 22. Bxf6 Nxf6 23. Re3 Rfd8 24. Red3 Rac8 25. c3 Rd5 26. Nc2 Kf8
27. Kf1 Ke7 28. Ke2 b5 29. Ne3 Rxd3 30. Rxd3 Ne4 31. Rd4 Nd6 32. a4 e5 33. Rh4
h5 34. axb5 axb5 35. Rb4 g5 36. Kd3 f5 37. c4 f4 38. gxf4 gxf4 39. Nd5+ Ke6 40.
b3 Rd8 41. Ke2 Rc8 42. Kd3 h4 43. h3 Rd8 44. Ke2 Rc8 1/2-1/2